000
00469nam a2200181Ia 4500
008
090123s9999 xx 000 0 und d
082
_b
17072
_a
891.463/ओक
100
_a
ओक जनार्दन
245
_a
मात
250
_a
1
260
_b
पुजा प्रकाशन
300
_a
197
600
_a
ओक जनार्दन
630
_a
मात
700
_a
ओक जनार्दन
730
_a
मात
942
_c
BOOK
999
_c
55132
_d
55132